000
00322nam a22001457a 4500
008
230320b ||||| |||| 00| 0 eng d
020
_a
081291001
041
_a
eng
080
_a
030
082
_a
030LEI
100
_a
42
101
_a
ENCIKLO
245
_a
COMPLETE MEDICAL ENCYCLOPEDIA
_c
LEIKIN.B.J
942
_2
udc
_c
BK
999
_c
59402
_d
59402